The Gospel of Luke. (Record no. 1469)
[ view plain ]
| 000 -LEADER | |
|---|---|
| fixed length control field | 00622cam a2200205u 4500 |
| 001 - CONTROL NUMBER | |
| control field | 8255594 |
| 003 - CONTROL NUMBER IDENTIFIER | |
| control field | Ke-BoTe |
| 005 - DATE AND TIME OF LATEST TRANSACTION | |
| control field | 20220218094516.0 |
| 008 - FIXED-LENGTH DATA ELEMENTS--GENERAL INFORMATION | |
| fixed length control field | 820910s1921 pau 000 0 eng |
| 010 ## - LIBRARY OF CONGRESS CONTROL NUMBER | |
| LC control number | 21021397 |
| 040 ## - CATALOGING SOURCE | |
| Original cataloging agency | DLC |
| Transcribing agency | CarP |
| Modifying agency | DLC |
| 050 00 - LIBRARY OF CONGRESS CALL NUMBER | |
| Classification number | BS2595 |
| Item number | .E7 1929 |
| 100 1# - MAIN ENTRY--PERSONAL NAME | |
| Personal name | Erdman, Charles R. |
| Fuller form of name | (Charles Rosenbury), |
| Dates associated with a name | 1866-1960. |
| 9 (RLIN) | 781 |
| 245 14 - TITLE STATEMENT | |
| Title | The Gospel of Luke. |
| 260 ## - PUBLICATION, DISTRIBUTION, ETC. | |
| Place of publication, distribution, etc. | Philadelphia : |
| Name of publisher, distributor, etc. | The Westminster press, |
| Date of publication, distribution, etc. | 1929. |
| 300 ## - PHYSICAL DESCRIPTION | |
| Extent | 229 p. ; |
| Dimensions | 18 cm. |
| 630 00 - SUBJECT ADDED ENTRY--UNIFORM TITLE | |
| Uniform title | Bible. |
| Name of part/section of a work | Luke. |
| Language of a work | English. [from old catalog] |
| 9 (RLIN) | 2865 |
| 906 ## - LOCAL DATA ELEMENT F, LDF (RLIN) | |
| a | 0 |
| b | cbc |
| c | premunv |
| d | u |
| e | ncip |
| f | 19 |
| g | y-gencatlg |
| 942 ## - ADDED ENTRY ELEMENTS (KOHA) | |
| Source of classification or shelving scheme | Library of Congress Classification |
| Koha item type | Books |
| Suppress in OPAC | No |
| Withdrawn status | Lost status | Source of classification or shelving scheme | Damaged status | Not for loan | Collection code | Home library | Current library | Shelving location | Date acquired | Total Checkouts | Full call number | Barcode | Date last seen | Price effective from | Koha item type |
|---|---|---|---|---|---|---|---|---|---|---|---|---|---|---|---|
| Library of Congress Classification | Non-fiction | SCHOOL OF CHAPLAINCY | SCHOOL OF CHAPLAINCY | General Stacks | 18.02.2022 | BS2595.E7 1929 | 0702182022 | 18.02.2022 | 18.02.2022 | Books |
